书目信息 |
| 题名: |
娜娜
|
|
| 作者: | 左拉, 著 ;齐玉 译 | |
| 分册: | ||
| 出版信息: | 新疆 伊犁人民出版社 2000.11 |
|
| 页数: | 536页 | |
| 开本: | 21cm | |
| 丛书名: | 世界名著大系 | |
| 单 册: | ||
| 中图分类: | I565.44 | |
| 科图分类: | ||
| 主题词: | 长篇小说--法国--近代 | |
| 电子资源: | ||
| ISBN: | 7-5425-0549-1 | |
| 000 | 00729nam 2200253 450 | |
| 001 | 0162077183 | |
| 005 | 20050913093653.38 | |
| 010 | @a7-5425-0549-1@dCNY13.50 | |
| 100 | @a20041218d2000 km y0chiy0120 ea | |
| 101 | 1 | @achi@cfre |
| 102 | @aCN@b650000 | |
| 105 | @aa z 000ay | |
| 200 | 1 | @a娜娜@Ana na@f(法) 左拉著@F(fa)zuo la zhu@g齐玉译@Gqi yu yi |
| 210 | @a新疆@c伊犁人民出版社@d2000.11 | |
| 215 | @a536页@d21cm | |
| 225 | 2 | @a世界名著大系@v011 |
| 330 | @a本书是世界名著小说。 | |
| 410 | 0 | @12001 @a世界名著大系 |
| 606 | 0 | @a长篇小说@y法国@z近代 |
| 690 | @aI565.44@v4 | |
| 701 | 1 | @a左拉,@Azuo la,@bE.@g(Zola, E.)@4著 |
| 702 | 0 | @a齐玉@Aqi yu@4译 |
| 801 | 0 | @aCN@bQSSK@c20050913 |
| 905 | @a10447@dI565.44@eZ990 | |
| 娜娜/(法) 左拉著/齐玉译.-新疆:伊犁人民出版社,2000.11 |
| 536页;21cm.-(世界名著大系;011) |
| ISBN 7-5425-0549-1:CNY13.50 |
| 本书是世界名著小说。 |
| ● |
| 相关链接 |
|
|
|
正题名:娜娜
索取号:I565.44/Z990
 
预约/预借
| 序号 | 登录号 | 条形码 | 馆藏地/架位号 | 状态 | 备注 |
| 1 | 563288 | 205632886 | 社科二线400B/116文学库 24排1列3层/ [索取号:I565.44/Z990] | 在馆 | |
| 2 | 563289 | 205632895 | 社科二线400B/116文学库 24排1列2层/ [索取号:I565.44/Z990] | 在馆 | |
| 3 | 563290 | 205632902 | 社科二线400B/400B社科库 25排2列1层/ [索取号:I565.44/Z990] | 在馆 |